Úloha a význam kontrolných mechanizmov vo verejnej správe bakalárska práca

Guardado en:
Detalles Bibliográficos
Autor principal: Hajdók, Pavol
Autor Corporativo: Podnikovohospodárska fakulta EU so sídlom v Košiciach. Katedra marketingu a obchodu
Otros Autores: Polák, Matej
Formato: Libro
Lenguaje:eslovaco
Publicado: Košice 2009
Etiquetas: Agregar Etiqueta
Sin Etiquetas, Sea el primero en etiquetar este registro!

MARC

LEADER 00000nam$a2200000$$$4500
001 0106409
005 20240319131836.9
041 0 |a slo 
044 |a SK 
245 1 0 |a Úloha a význam kontrolných mechanizmov vo verejnej správe  |b bakalárska práca  |c Pavol Hajdók ; škol. Matej Polák 
264 1 |a Košice  |c 2009 
300 |a 106 s. 
100 1 |a Hajdók, Pavol 
700 1 |a Polák, Matej 
710 2 |a Podnikovohospodárska fakulta EU so sídlom v Košiciach. Katedra marketingu a obchodu